[Event "London Classic Open 2016"]
[Site "London ENG"]
[Date "2016.12.12"]
[Round "5.62"]
[White "Brooks, Phil J"]
[Black "Misyura, Ilya"]
[Result "1/2-1/2"]
[WhiteElo "2163"]
[BlackElo "1989"]
[WhiteFideId "405540"]
[BlackFideId "434183"]
[EventDate "2016.12.09"]

1. d4 Nf6 2. c4 g6 3. Nc3 Bg7 4. e4 d6 5. Nge2 O-O 6. Ng3 h5 7. Bg5 Nh7 8. Be3
e5 9. d5 Nd7 10. Bd3 Nc5 11. Bc2 h4 12. Nf1 h3 13. g4 Qh4 14. Rg1 Nf6 15. Qd2
Nxg4 16. Bg5 Qh7 17. f3 f6 18. fxg4 fxg5 19. Rg3 1/2-1/2

[Event "London Classic Open 2016"]
[Site "London ENG"]
[Date "2016.12.12"]
[Round "5.63"]
[White "Kalavannan, Koby"]
[Black "Grigoryan, Meri"]
[Result "1/2-1/2"]
[BlackTitle "WFM"]
[WhiteElo "2163"]
[BlackElo "1972"]
[WhiteFideId "425753"]
[BlackFideId "13300571"]
[EventDate "2016.12.09"]

1. d4 d5 2. c4 c6 3. Nf3 Nf6 4. Nbd2 Bf5 5. Nh4 Be6 6. e3 g5 7. Nhf3 g4 8. Ne5
Nbd7 9. cxd5 cxd5 10. Nd3 Bf5 11. Qb3 Qb6 12. Nf4 e6 13. Bb5 Bd6 14. Nf1 Rc8 15.
Ng3 Bc2 16. Bxd7+ Kxd7 17. Qxb6 axb6 18. Bd2 Ne4 19. Nxe4 Bxe4 20. O-O Bxf4 21.
exf4 h5 22. Bc3 Rh6 23. Rfc1 Rhh8 24. Re1 Rc4 25. Re3 Rhc8 26. Rae1 Ra8 27. a3
Rac8 28. Rd1 1/2-1/2

[Event "London Classic Open 2016"]
[Site "London ENG"]
[Date "2016.12.12"]
[Round "5.64"]
[White "Bin-Suhayl, Ieysaa"]
[Black "Garcia Martinez, Marcos"]
[Result "0-1"]
[WhiteElo "1988"]
[BlackElo "2160"]
[WhiteFideId "429031"]
[BlackFideId "22245073"]
[EventDate "2016.12.09"]

1. Nf3 e6 2. c4 Nf6 3. g3 b6 4. Bg2 Bb7 5. d4 Bb4+ 6. Bd2 Qe7 7. O-O Bxd2 8.
Qxd2 O-O 9. Nc3 d5 10. Ne5 Nbd7 11. Nxd7 Qxd7 12. b4 Ne4 13. Qc2 Nxc3 14. Qxc3
c6 15. c5 Ba6 16. Rfe1 f5 17. f4 Bc4 18. e3 Rfb8 19. cxb6 axb6 20. a4 Ra6 21.
Bf1 Bxf1 22. Rxf1 Rba8 23. a5 Qc7 24. Rfc1 bxa5 25. b5 Rb6 26. Qc5 a4 27. bxc6
Raa6 28. Kf2 Rxc6 29. Qa3 Rc2+ 30. Kf3 h6 31. Rxc2 Qxc2 32. Rc1 Qe4+ 33. Kf2 Rb6
34. Rc3 Rb3 35. Rxb3 Qc2+ 36. Ke1 axb3 37. Qa8+ Kh7 38. h4 b2 39. Qh8+ Kxh8 40.
h5 Qc1+ 41. Ke2 b1=Q 42. Kf2 Qf1# 0-1

[Event "London Classic Open 2016"]
[Site "London ENG"]
[Date "2016.12.12"]
[Round "5.65"]
[White "Cumming, Rhys"]
[Black "Vachtfeidl, Petr"]
[Result "1-0"]
[WhiteElo "2156"]
[BlackElo "1963"]
[WhiteFideId "470163"]
[BlackFideId "315028"]
[EventDate "2016.12.09"]

1. d4 Nf6 2. c4 g6 3. Nc3 d5 4. cxd5 Nxd5 5. e4 Nxc3 6. bxc3 Bg7 7. Bc4 c5 8.
Ne2 O-O 9. O-O Nc6 10. Be3 Bd7 11. Rb1 Qc7 12. Bd3 Rac8 13. Qd2 Rfd8 14. d5 Ne5
15. c4 Nxd3 16. Qxd3 e6 17. Bf4 e5 18. Bd2 a6 19. Qa3 b6 20. Nc3 Ra8 21. Qb3
Rdb8 22. a4 Bf8 23. Qc2 f5 24. f3 Bd6 25. Rb2 Rf8 26. Rfb1 Rab8 27. Bh6 Rf7 28.
a5 b5 29. cxb5 Qxa5 30. Ra2 Qc7 31. bxa6 c4 32. Rxb8+ Qxb8 33. Be3 Bc8 34. a7
Qa8 35. Nb5 1-0

[Event "London Classic Open 2016"]
[Site "London ENG"]
[Date "2016.12.12"]
[Round "5.66"]
[White "Gudenas, Motiejus"]
[Black "Gross, Willi"]
[Result "0-1"]
[WhiteElo "1919"]
[BlackElo "2144"]
[WhiteFideId "2405229"]
[BlackFideId "1270470"]
[EventDate "2016.12.09"]

1. e4 c5 2. c3 Nf6 3. e5 Nd5 4. d4 cxd4 5. Nf3 Nc6 6. Bc4 Nb6 7. Bb3 d5 8. exd6
Qxd6 9. O-O Be6 10. Bxe6 Qxe6 11. Nxd4 Nxd4 12. Qxd4 Rd8 13. Qe3 Qxe3 14. Bxe3
Nc4 15. Bxa7 Nxb2 16. Na3 e6 17. Nb5 Na4 18. Rfd1 Bc5 19. Bxc5 Nxc5 20. Rxd8+
Kxd8 21. Kf1 Ke7 22. Ke2 Ra8 23. a3 Ra4 24. Rb1 Re4+ 25. Kd2 Rg4 26. g3 Ra4 27.
Rb4 Kd7 28. f3 e5 29. c4 Ra8 30. Rb1 Rd8 31. Nc3 Ra8 32. Nb5 Ke7 33. Kc2 Rd8 34.
Nc3 Rd4 35. Rb4 Kd7 36. Ne4 Nxe4 37. Rxb7+ Kc6 38. Rxf7 Ng5 39. Rxg7 Nxf3 40.
Rxh7 e4 41. Re7 Kd6 42. Re8 Kd7 43. Rf8 Rxc4+ 44. Kb3 Nd2+ 45. Kb2 e3 46. Rf7+
Ke8 47. Rf5 Re4 48. Kc2 e2 49. Rf2 e1=Q 50. Rxd2 Re2 0-1

[Event "London Classic Open 2016"]
[Site "London ENG"]
[Date "2016.12.12"]
[Round "5.67"]
[White "Burbidge, Duncan R"]
[Black "Zoltek, Tadeusz"]
[Result "1-0"]
[BlackTitle "FM"]
[WhiteElo "1918"]
[BlackElo "2140"]
[WhiteFideId "412198"]
[BlackFideId "1101048"]
[EventDate "2016.12.09"]

1. e4 e6 2. d4 d5 3. Nc3 Nf6 4. Bg5 dxe4 5. Nxe4 Be7 6. Bxf6 gxf6 7. Nf3 b6 8.
Bb5+ c6 9. Bc4 Bb7 10. Qe2 Qc7 11. O-O-O Nd7 12. Rhe1 O-O-O 13. g3 Kb8 14. h4 h6
15. Nc3 Bb4 16. Qe3 f5 17. Ne5 Nf6 18. f3 Nh5 19. g4 f4 20. Qf2 Nf6 21. Qh2 Bxc3
22. bxc3 Nd5 23. Bxd5 cxd5 24. Qxf4 Ka8 25. Kd2 Rdf8 26. Ng6 Qxf4+ 27. Nxf4 Bc8
28. Nh5 f5 29. Nf4 Rhg8 30. Nxe6 Bxe6 31. Rxe6 fxg4 32. fxg4 Rxg4 33. Rh1 Rg2+
34. Re2 Rg4 35. Rhh2 Rff4 36. h5 Rf6 37. Re5 Rd6 38. Re7 Rf6 39. Rhe2 Rgf4 40.
Rh7 Rf2 41. Rxf2 Rxf2+ 42. Kc1 Rh2 43. Rxh6 Kb7 44. Kb2 b5 45. Kb3 a5 46. Rh8
Rh3 47. Kb2 Kc7 48. h6 Kb7 49. h7 Ka7 50. a4 bxa4 51. c4 1-0

[Event "London Classic Open 2016"]
[Site "London ENG"]
[Date "2016.12.12"]
[Round "5.68"]
[White "Britton, Richard L"]
[Black "Siddharth, Gopakumar"]
[Result "1-0"]
[WhiteTitle "FM"]
[WhiteElo "2139"]
[BlackElo "1822"]
[WhiteFideId "401692"]
[BlackFideId "5053463"]
[EventDate "2016.12.09"]

1. e4 c5 2. Nf3 Nc6 3. d4 cxd4 4. Nxd4 Nf6 5. Nc3 e5 6. Ndb5 d6 7. Bg5 a6 8. Na3
b5 9. Bxf6 gxf6 10. Nd5 f5 11. Bd3 Be6 12. O-O Bxd5 13. exd5 Ne7 14. c3 Bg7 15.
Nc2 e4 16. Be2 Ng6 17. f4 h5 18. Kh1 h4 19. a4 Bh6 20. Qd4 Rg8 21. Ne3 Bg7 22.
Qb4 Qf6 23. axb5 Bh6 24. Rxa6 Rd8 25. b6 Nxf4 26. b7 Rb8 27. Rxd6 Rxb7 28. Bb5+ 1-0

[Event "London Classic Open 2016"]
[Site "London ENG"]
[Date "2016.12.12"]
[Round "5.69"]
[White "Van der Elburg, Freddie"]
[Black "Rogacewicz, Mikolaj"]
[Result "1-0"]
[WhiteElo "2135"]
[BlackElo "1765"]
[WhiteFideId "1007904"]
[BlackFideId "21842981"]
[EventDate "2016.12.09"]

1. c4 Nf6 2. g3 g6 3. Bg2 Bg7 4. Nc3 c5 5. a3 Nc6 6. Rb1 b6 7. b4 cxb4 8. axb4
Bb7 9. d4 O-O 10. e3 Rc8 11. Nge2 Na5 12. Bxb7 Nxb7 13. c5 d6 14. O-O Qd7 15.
Qa4 Qxa4 16. Nxa4 Nd7 17. Ba3 Rc7 18. Nec3 dxc5 19. bxc5 Nf6 20. Nb5 Rcc8 21.
Nxa7 Ra8 22. cxb6 Rfe8 23. Nc5 Nd8 24. Na6 Nd7 1-0

[Event "London Classic Open 2016"]
[Site "London ENG"]
[Date "2016.12.12"]
[Round "5.70"]
[White "Tirado Parra, Alberto"]
[Black "Peiris, T G M"]
[Result "0-1"]
[WhiteElo "1908"]
[BlackElo "2134"]
[WhiteFideId "2265354"]
[BlackFideId "9901310"]
[EventDate "2016.12.09"]

1. d4 d5 2. Bf4 c5 3. c3 Nc6 4. e3 Qb6 5. Qb3 c4 6. Qxb6 axb6 7. Na3 Bf5 8. Bc7
Ra6 9. f3 Kd7 10. Be5 e6 11. e4 Nxe5 12. dxe5 Bxa3 13. O-O-O Kc6 14. exf5 Bc5
15. fxe6 fxe6 16. Kb1 Bxg1 17. Rxg1 Ne7 18. g4 g5 19. h4 h6 20. h5 Raa8 21. b3
b5 22. a4 Rhf8 23. axb5+ Kc5 24. bxc4 Rxf3 25. cxd5 Nxd5 26. Kb2 Rf2+ 27. Kb3
Rfa2 0-1

[Event "London Classic Open 2016"]
[Site "London ENG"]
[Date "2016.12.12"]
[Round "5.72"]
[White "Rushbrooke, Tibo"]
[Black "Mitra, Roman C"]
[Result "1/2-1/2"]
[WhiteElo "1502"]
[BlackElo "2083"]
[WhiteFideId "433900"]
[BlackFideId "419540"]
[EventDate "2016.12.09"]

1. e4 c5 2. Nc3 Nc6 3. f4 g6 4. Nf3 Bg7 5. Bc4 e6 6. O-O Nge7 7. Qe1 O-O 8. d3
d5 9. Bb3 Nd4 10. Nxd4 cxd4 11. Nd1 dxe4 12. dxe4 b6 13. Nf2 Qc7 14. Bd2 a5 15.
a4 Ba6 16. Nd3 Bc4 17. Rf3 Rfe8 18. Rc1 Rac8 19. Qg3 f5 20. Bxc4 Qxc4 21. b3 Qc6
22. e5 Qe4 23. Qf2 Bf8 24. Re1 Qd5 25. Bc1 Nc6 26. Kh1 Nb4 27. Re2 Na2 28. Bb2
Nc3 29. Bxc3 Rxc3 30. Rh3 Rec8 31. Qh4 Qd7 32. Ne1 Rxh3 33. Qxh3 Rc3 34. Qh4 b5
35. axb5 Qxb5 36. Qf2 a4 37. bxa4 Qxa4 38. h3 Qa1 39. Kh2 Bc5 40. Rd2 Qa3 41.
Nf3 d3 42. Qh4 Be7 43. Ng5 h5 44. cxd3 Rxd3 45. Rxd3 Qxd3 46. Qg3 Qd5 47. Nf3
Kg7 48. Nh4 Bxh4 1/2-1/2

[Event "London Classic Open 2016"]
[Site "London ENG"]
[Date "2016.12.12"]
[Round "5.73"]
[White "Merriman, John"]
[Black "Brozel, Sacha"]
[Result "1-0"]
[WhiteElo "2243"]
[BlackElo "2035"]
[WhiteFideId "402362"]
[BlackFideId "429317"]
[EventDate "2016.12.09"]

1. d4 Nf6 2. c4 e6 3. Nc3 Bb4 4. e3 b6 5. Ne2 c5 6. a3 Ba5 7. Rb1 Na6 8. Ng3 Bb7
9. f3 O-O 10. Bd3 cxd4 11. exd4 Bxc3+ 12. bxc3 Rc8 13. O-O h6 14. Qa4 Rc7 15. c5
Qc8 16. Bf4 Nd5 17. Bxc7 Nxc3 18. Qb3 Nxb1 19. Bf4 e5 20. Nf5 Nxc5 21. dxc5
Qxc5+ 22. Be3 1-0

[Event "London Classic Open 2016"]
[Site "London ENG"]
[Date "2016.12.12"]
[Round "5.74"]
[White "Eames, Robert S"]
[Black "Czopor, Maciej"]
[Result "0-1"]
[WhiteTitle "FM"]
[WhiteElo "2187"]
[BlackElo "2035"]
[WhiteFideId "408743"]
[BlackFideId "21805431"]
[EventDate "2016.12.09"]

1. e4 c5 2. Nf3 e6 3. d4 cxd4 4. Nxd4 Nf6 5. Nc3 d6 6. g4 Nc6 7. g5 Nd7 8. h4
Be7 9. Be3 O-O 10. Qh5 a6 11. O-O-O Nxd4 12. Bxd4 e5 13. Be3 b5 14. f4 exf4 15.
Bxf4 Bb7 16. Rh2 Qb6 17. Nd5 Bxd5 18. exd5 Rfe8 19. Bd3 g6 20. Qg4 Nc5 21. h5
Nxd3+ 22. Rxd3 Bf8 23. Qh4 Ra7 24. a3 Re4 25. Qg3 Qa5 26. c3 Qd8 27. Rf3 a5 28.
Qf2 Rae7 29. hxg6 fxg6 30. Bd2 Bg7 31. Rh1 b4 32. axb4 axb4 33. Rf1 b3 34. c4
Re2 35. Qg3 Qa8 36. Kd1 Qa1+ 37. Bc1 Qb1 38. Rc3 Qc2+ 39. Rxc2 bxc2# 0-1

[Event "London Classic Open 2016"]
[Site "London ENG"]
[Date "2016.12.12"]
[Round "5.75"]
[White "Bird, Joel"]
[Black "Rice, Chris B"]
[Result "0-1"]
[WhiteElo "2171"]
[BlackElo "2002"]
[WhiteFideId "429252"]
[BlackFideId "404446"]
[EventDate "2016.12.09"]

1. e4 e6 2. d4 d5 3. Nc3 Nf6 4. e5 Nfd7 5. f4 c5 6. Nf3 Nc6 7. Be3 a6 8. Qd2 b5
9. dxc5 Bxc5 10. Nd4 Qb6 11. O-O-O O-O 12. h4 Bb7 13. Rh3 Rac8 14. Kb1 Nxd4 15.
Bxd4 Bxd4 16. Qxd4 Qxd4 17. Rxd4 Nb6 18. b3 Rc7 19. Kb2 Rfc8 20. a3 Nd7 21. Rd2
Nc5 22. Re3 Kf8 23. g3 Ke7 24. Bh3 Rd8 25. Ne2 Ne4 26. Rd4 Rdc8 27. c3 f5 28.
exf6+ gxf6 29. Bg2 f5 30. a4 bxa4 31. Rxa4 Kf6 32. Rb4 Nf2 33. Rd4 Ne4 34. Rb4
Nf2 35. Kc2 Bc6 36. Rb6 a5 37. Nd4 Ne4 38. Bxe4 fxe4 39. Ra6 e5 40. fxe5+ Kxe5
41. Rxa5 Rf7 42. Ra6 Rf2+ 43. Kd1 Bd7 44. Kc1 Rcf8 45. Rh6 Rg2 46. Nc2 Rf1+ 47.
Ne1 Bf5 48. Ra6 Bg4 49. Ra1 Bf3 50. b4 Rxg3 51. Kb2 Rf2+ 52. Ka3 Kf4 53. Rxf3+
exf3 54. Nd3+ Ke3 55. Nxf2 Kxf2 56. b5 Rg8 57. Kb4 Kg2 58. Kc5 Rc8+ 59. Kxd5
Rxc3 60. Kd4 Rb3 61. Ra7 f2 62. Rg7+ Rg3 63. Rf7 Rf3 64. Rg7+ Kh3 0-1

[Event "London Classic Open 2016"]
[Site "London ENG"]
[Date "2016.12.12"]
[Round "5.76"]
[White "Ditmas, Hugh"]
[Black "Coote, Trevor D"]
[Result "1/2-1/2"]
[WhiteElo "2018"]
[BlackElo "2132"]
[WhiteFideId "1270666"]
[BlackFideId "410039"]
[EventDate "2016.12.09"]

1. d4 Nf6 2. c4 g6 3. Nc3 Bg7 4. e4 d6 5. Be2 O-O 6. Nf3 e5 7. O-O Nc6 8. d5 Ne7
9. Ne1 Nd7 10. f3 f5 11. g4 f4 12. h4 a5 13. Bd2 Nc5 14. b3 Bd7 15. Ng2 Kh8 16.
Rb1 c6 17. Qe1 cxd5 18. cxd5 b5 19. a3 b4 20. axb4 axb4 21. Na4 Bxa4 22. bxa4 b3
23. a5 1/2-1/2

[Event "London Classic Open 2016"]
[Site "London ENG"]
[Date "2016.12.12"]
[Round "5.77"]
[White "Klingher, Dominic"]
[Black "Varney, Zoe"]
[Result "1-0"]
[WhiteElo "2126"]
[BlackElo "2000"]
[WhiteFideId "428850"]
[BlackFideId "436135"]
[EventDate "2016.12.09"]

1. d4 d5 2. c4 c6 3. Nc3 Nf6 4. Nf3 e6 5. Bg5 Nbd7 6. Qc2 Be7 7. e3 O-O 8. O-O-O
dxc4 9. Bxc4 b5 10. Bd3 Bb7 11. Kb1 h6 12. h4 a5 13. Ne5 Nxe5 14. dxe5 Nd5 15.
Nxd5 exd5 16. Bxe7 Qxe7 17. f4 f6 18. exf6 Rxf6 19. g4 Qxe3 20. g5 Rd6 21. Rde1
Qxf4 22. Re7 Ba6 23. Rf1 Qxh4 24. Qe2 Rdd8 25. Rxg7+ Kxg7 26. Qe7+ Kg8 27. Qh7# 1-0

[Event "London Classic Open 2016"]
[Site "London ENG"]
[Date "2016.12.12"]
[Round "5.78"]
[White "Edwards, Simon R"]
[Black "Suder, Ryszard"]
[Result "1/2-1/2"]
[WhiteElo "1976"]
[BlackElo "2123"]
[WhiteFideId "406821"]
[BlackFideId "1102699"]
[EventDate "2016.12.09"]

1. e4 d6 2. d4 Nf6 3. Nc3 g6 4. Bg5 c6 5. f4 Bg7 6. Nf3 O-O 7. Bd3 b5 8. O-O b4
9. Ne2 d5 10. e5 Ne4 11. Qe1 Nxg5 12. Nxg5 f6 13. Nf3 Qb6 14. Qh4 c5 15. dxc5
Qxc5+ 16. Kh1 Nc6 17. Qg3 fxe5 18. Nxe5 Qd6 19. Nxc6 Qxc6 20. Rad1 a5 21. Qg5
Bf5 22. c3 bxc3 23. bxc3 Bf6 24. Qg3 1/2-1/2

[Event "London Classic Open 2016"]
[Site "London ENG"]
[Date "2016.12.12"]
[Round "5.79"]
[White "Gollain, Marc"]
[Black "Jyothilal, N."]
[Result "0-1"]
[WhiteElo "2122"]
[BlackElo "1985"]
[WhiteFideId "603546"]
[BlackFideId "5002605"]
[EventDate "2016.12.09"]

1. c4 Nf6 2. g3 e6 3. Bg2 d5 4. Nf3 c5 5. O-O Nc6 6. b3 Be7 7. e3 O-O 8. Bb2 b6
9. Nc3 Bb7 10. d4 dxc4 11. bxc4 Na5 12. Qe2 Rc8 13. Rfd1 cxd4 14. Rxd4 Qc7 15.
Nb5 Qb8 16. Rad1 e5 17. Rh4 e4 18. Nd2 Rfd8 19. Bh3 Rc5 20. Bd4 Rg5 21. f4 exf3
22. Nxf3 Bxf3 23. Qxf3 Bc5 24. Bf1 Re8 25. Nc3 Nb7 26. Bd3 h6 27. Rf4 Bxd4 28.
exd4 Nh5 29. Rg4 Rxg4 30. Qxg4 Nf6 31. Qf3 Qd6 32. Kg2 Qa3 33. Bc2 Nd6 34. Qd3
Nf5 35. Qxf5 Qxc3 36. Qd3 Qb4 37. h3 Qd6 38. Rf1 h5 39. Rf4 Qe6 40. Qf1 Qe3 41.
Qf2 Qc3 42. c5 bxc5 43. dxc5 Re3 44. c6 Qxc6+ 45. Kh2 Qe6 46. Bd1 Qe7 47. Rc4 g6
48. Ra4 Kg7 49. Bf3 Qc5 50. Bg2 Qe5 51. Bf3 a5 52. Kg2 Rc3 53. Kh2 Qc7 54. Bd1
Rc1 55. Bb3 Qe5 56. Rf4 Rb1 57. Qg2 h4 58. Rf2 hxg3+ 0-1

[Event "London Classic Open 2016"]
[Site "London ENG"]
[Date "2016.12.12"]
[Round "5.80"]
[White "Hebbes, Tim"]
[Black "O'Molloy, Eamonn"]
[Result "0-1"]
[WhiteElo "2113"]
[BlackElo "1942"]
[WhiteFideId "406570"]
[BlackFideId "2505843"]
[EventDate "2016.12.09"]

1. Nf3 Nf6 2. c4 e6 3. e3 d5 4. Nc3 Be7 5. d4 O-O 6. b3 b6 7. Bd3 Bb7 8. O-O
Nbd7 9. Bb2 c5 10. cxd5 exd5 11. Rc1 Rc8 12. Bf5 g6 13. Bb1 Re8 14. Ne5 cxd4 15.
exd4 Nf8 16. Re1 Ne6 17. Qd2 Bf8 18. h3 a6 19. a3 Nd7 20. Na2 Nxe5 21. Rxe5 Qh4
22. Rd1 Bd6 23. Ree1 Nf4 24. Re3 Qg5 25. Rg3 Nxh3+ 26. gxh3 Qxd2 27. Rxd2 Bxg3
28. fxg3 Re1+ 29. Kf2 Rxb1 30. Nb4 Rh1 31. Kg2 Re1 32. Nc2 Re7 33. Kf2 Rce8 34.
Bc3 a5 35. b4 Rc7 36. Bb2 Ba6 37. Ne3 Bc4 38. Bc3 Bb3 39. Rd3 Rec8 40. Bd2 Bc2
41. Ke2 Bxd3+ 42. Kxd3 axb4 43. Bxb4 Rd7 44. Ng4 Kg7 45. Bd2 f6 46. Ne3 Kf7 47.
h4 Ke6 48. Ng2 Re8 49. Ne3 Kf7 50. Ng2 Ra7 51. Bb4 Rea8 52. Nf4 Rxa3+ 0-1

[Event "London Classic Open 2016"]
[Site "London ENG"]
[Date "2016.12.12"]
[Round "5.81"]
[White "Stewart, Ashley"]
[Black "Caglar, Sila"]
[Result "1-0"]
[BlackTitle "WFM"]
[WhiteElo "2105"]
[BlackElo "1938"]
[WhiteFideId "419001"]
[BlackFideId "6364063"]
[EventDate "2016.12.09"]

1. c4 e5 2. g3 Nf6 3. Bg2 d5 4. cxd5 Nxd5 5. Nc3 Nb6 6. Nf3 Nc6 7. O-O Be7 8. d3
O-O 9. Be3 Be6 10. Rc1 f5 11. a3 Bf6 12. b4 a5 13. Bxb6 cxb6 14. b5 Nd4 15. Nd2
Qd7 16. a4 Qf7 17. e3 Nb3 18. Nxb3 Bxb3 19. Qxb3 Qxb3 20. Bd5+ Qxd5 21. Nxd5
Rad8 22. e4 Rd7 23. Rc3 fxe4 24. dxe4 Be7 25. Rd3 Kf7 26. f4 Bc5+ 27. Kg2 Ke6
28. Rfd1 Rfd8 29. Kf3 exf4 30. gxf4 g5 31. fxg5 Ke5 32. Nf4 Bd4 33. Ne2 Rf8+ 34.
Kg4 Kxe4 35. Ng3+ Ke5 36. Re1+ Kd5 37. Rxd4+ Kxd4 38. Rd1+ Ke5 39. Rxd7 Rf4+ 40.
Kh5 Rxa4 41. Rxh7 Ra2 42. g6 Kf6 43. Rf7+ Ke6 44. Rf4 Rxh2+ 45. Kg5 Rg2 46. Rf3 1-0

[Event "London Classic Open 2016"]
[Site "London ENG"]
[Date "2016.12.12"]
[Round "5.82"]
[White "Nettleton, Charlie B"]
[Black "Grassie, Duncan"]
[Result "1/2-1/2"]
[WhiteElo "1963"]
[BlackElo "2100"]
[WhiteFideId "419710"]
[BlackFideId "411787"]
[EventDate "2016.12.09"]

1. d4 Nf6 2. Bg5 g6 3. Bxf6 exf6 4. e3 f5 5. h4 h5 6. Ne2 Bg7 7. g3 d6 8. Bg2
O-O 9. O-O Nd7 10. c4 c5 11. Nbc3 Nf6 12. Qc2 Re8 13. Rad1 Qe7 14. Nf4 Rb8 15.
Rd2 b6 16. dxc5 dxc5 17. Ncd5 Qf8 18. Nxf6+ Bxf6 19. Qa4 a6 20. Qc6 Be5 21. Bd5
Kg7 22. Nh3 Re7 23. Qa4 b5 24. Qc2 Bb7 25. cxb5 Bxd5 26. Rxd5 Rxb5 27. b3 c4 28.
Rxb5 axb5 29. bxc4 Rc7 30. c5 Qxc5 31. Qxc5 Rxc5 32. Rb1 Bc3 33. Nf4 b4 34. Nd3
Ra5 1/2-1/2

[Event "London Classic Open 2016"]
[Site "London ENG"]
[Date "2016.12.12"]
[Round "5.83"]
[White "Skutta, Bernd"]
[Black "Stefanetti, Marco"]
[Result "1/2-1/2"]
[WhiteElo "1942"]
[BlackElo "2093"]
[WhiteFideId "4666950"]
[BlackFideId "815179"]
[EventDate "2016.12.09"]

1. d4 Nf6 2. Nf3 e6 3. c4 Bb4+ 4. Nbd2 b6 5. g3 Bb7 6. Bg2 O-O 7. O-O d5 8. Ne5
c6 9. cxd5 cxd5 10. Ndf3 Nbd7 11. Bf4 Nxe5 12. Nxe5 Qe7 13. Qa4 Rfc8 14. Rfc1
Bd6 15. Rxc8+ Bxc8 16. Rc1 Bb7 17. Nc6 Qd7 18. Bxd6 Qxd6 19. Ne5 a5 20. e3 Rc8 1/2-1/2

[Event "London Classic Open 2016"]
[Site "London ENG"]
[Date "2016.12.12"]
[Round "5.84"]
[White "Mueller, Martin2"]
[Black "Wilks, Simon"]
[Result "0-1"]
[WhiteElo "2088"]
[BlackElo "1935"]
[WhiteFideId "4649974"]
[BlackFideId "427357"]
[EventDate "2016.12.09"]

1. d4 Nf6 2. Bg5 c5 3. d5 Ne4 4. Bc1 e6 5. c4 exd5 6. cxd5 g6 7. Qd3 Qe7 8. Nc3
f5 9. Bf4 d6 10. Nxe4 fxe4 11. Qg3 Nd7 12. e3 Nf6 13. Bb5+ Bd7 14. Bxd7+ Qxd7
15. Ne2 Nxd5 16. O-O O-O-O 17. Rfd1 Qe6 18. Bg5 Rd7 19. Rac1 h6 20. Bf4 g5 21.
Bxg5 Rg8 22. Nd4 Qf7 23. Nb5 Rxg5 24. Qh3 Kb8 25. a3 a6 26. Nc3 Nxc3 27. Rxc3
Qf5 28. Qh4 Qf3 0-1

[Event "London Classic Open 2016"]
[Site "London ENG"]
[Date "2016.12.12"]
[Round "5.85"]
[White "Sucikova, Svetlana"]
[Black "Nunbhakdi, Tawin Matthew"]
[Result "1/2-1/2"]
[WhiteTitle "WFM"]
[WhiteElo "2083"]
[BlackElo "1923"]
[WhiteFideId "14923653"]
[BlackFideId "6203310"]
[EventDate "2016.12.09"]

1. c4 e5 2. Nc3 Bb4 3. Nd5 Be7 4. b3 c6 5. Nxe7 Qxe7 6. Bb2 Nf6 7. g3 d5 8. cxd5
cxd5 9. Nf3 e4 10. Nd4 O-O 11. Rc1 Bd7 12. Bg2 Nc6 13. Nxc6 Bxc6 14. O-O Rac8
15. Bd4 Nd7 16. d3 Qe6 17. a4 a6 18. Qd2 Ne5 19. Qb2 Rfe8 20. dxe4 dxe4 21. Rfd1
f6 22. Rc3 Rcd8 23. Rd2 Rd6 24. Rc1 Red8 25. Rcd1 R6d7 26. Qc3 Rd6 27. Qe3 Ng4
28. Qc3 Ne5 29. Qc2 Nf7 30. b4 R6d7 31. e3 Ng5 32. Bc5 Rxd2 33. Rxd2 Rxd2 34.
Qxd2 Nf3+ 35. Bxf3 exf3 36. Qd6 Qxd6 37. Bxd6 Bxa4 38. Kf1 Kf7 39. Ke1 Ke6 40.
Bf8 g6 41. Kd2 Kd5 42. Kc3 Ke4 43. Be7 f5 44. h4 Bb5 45. Bf6 h6 46. Bg7 h5 47.
Bf6 Bd7 48. Bg7 b6 49. Bf6 a5 50. bxa5 bxa5 51. Bd8 a4 52. Be7 Be8 53. Bf8 Bf7 1/2-1/2

[Event "London Classic Open 2016"]
[Site "London ENG"]
[Date "2016.12.12"]
[Round "5.86"]
[White "Rocco, Federico"]
[Black "Eizaguerri Floris, Maria"]
[Result "1-0"]
[BlackTitle "WFM"]
[WhiteElo "1927"]
[BlackElo "2082"]
[WhiteFideId "431362"]
[BlackFideId "32065752"]
[EventDate "2016.12.09"]

1. e4 c5 2. Nc3 Nc6 3. Nge2 e6 4. g3 g6 5. Bg2 Bg7 6. O-O Nge7 7. d3 d6 8. Be3
O-O 9. Qd2 Re8 10. Bh6 Bh8 11. Rae1 Rb8 12. f4 Nd4 13. Nd1 b5 14. h3 d5 15. Nxd4
Bxd4+ 16. Kh1 dxe4 17. dxe4 Bg7 18. Qxd8 Rxd8 19. Bxg7 Kxg7 20. Ne3 Bb7 21. Rd1
a5 22. Kg1 Nc6 23. Kf2 b4 24. Rfe1 Rd4 25. e5 Ne7 26. Bxb7 Rxb7 27. Rxd4 cxd4
28. Nc4 Rc7 29. b3 a4 30. Rd1 Nf5 31. Rd2 Kf8 32. g4 Ne3 33. Nxe3 dxe3+ 34. Kxe3
Rc3+ 35. Ke4 axb3 36. cxb3 Rxh3 37. g5 h5 38. gxh6 Rxh6 39. Rd4 Rh2 40. Rxb4
Rxa2 41. Rb8+ Ke7 42. Rb7+ Ke8 43. b4 Rb2 44. b5 Rb4+ 45. Kf3 Rb1 46. b6 Rb3+
47. Kg4 Rb1 48. Kg5 Rb4 49. Rb8+ Ke7 50. b7 Rb1 51. Kh6 f6 52. Kg7 fxe5 53. Rf8
exf4 54. b8=Q Rxb8 55. Rxb8 g5 56. Kg6 g4 57. Kg5 e5 58. Kxg4 Ke6 59. Kf3 Kd5
60. Rd8+ 1-0

[Event "London Classic Open 2016"]
[Site "London ENG"]
[Date "2016.12.12"]
[Round "5.87"]
[White "Heuser, Philip"]
[Black "Cohen, Ronnie"]
[Result "0-1"]
[WhiteElo "2081"]
[BlackElo "1903"]
[WhiteFideId "4654358"]
[BlackFideId "412082"]
[EventDate "2016.12.09"]

1. e4 c6 2. d4 d5 3. Nc3 dxe4 4. Nxe4 Nd7 5. Bc4 Ngf6 6. Ng5 e6 7. Qe2 Nb6 8.
Bb3 Bd6 9. N1f3 h6 10. Ne4 Nxe4 11. Qxe4 Nd5 12. Bd2 Qc7 13. O-O b6 14. Rfe1 Bb7
15. c4 Nf6 16. Qh4 O-O-O 17. c5 bxc5 18. dxc5 Bxc5 19. Rac1 Qb6 20. Rxc5 Qxc5
21. Bb4 Qf5 22. Rc1 Qg4 23. Qxg4 Nxg4 24. h3 Nf6 25. Ne5 Nd5 26. Bc5 Nf4 27. Bc4
Rd2 28. Nxf7 Rh7 29. Kf1 g5 30. Nd6+ Kb8 31. g3 Nd3 32. Ne4 Nxc1 33. Nxd2 Rd7
34. Ne4 Rd1+ 35. Kg2 Bc8 36. Bd6+ Ka8 37. Kf3 Rd4 38. b3 Nxa2 39. Bf8 e5 40.
Bxh6 Bxh3 41. Bxg5 Nb4 42. Bf6 Bf5 43. Nc5 Bg4+ 44. Kg2 Nc2 45. Bxe5 Ne1+ 46.
Kf1 Rd1 47. Be2 Bh3+ 48. Kg1 Nf3# 0-1